<?xml version="1.0" encoding="UTF-8"?>
<record
    xmlns:xsi="http://www.w3.org/2001/XMLSchema-instance"
    xsi:schemaLocation="http://www.loc.gov/MARC21/slim http://www.loc.gov/standards/marcxml/schema/MARC21slim.xsd"
    xmlns="http://www.loc.gov/MARC21/slim">

  <leader>00959cam a22002291  4500</leader>
  <controlfield tag="001">sa 67000250 </controlfield>
  <controlfield tag="003">DLC</controlfield>
  <controlfield tag="005">20260227112313.0</controlfield>
  <controlfield tag="008">790608m19651974ii            00000 eng  </controlfield>
  <datafield tag="010" ind1=" " ind2=" ">
    <subfield code="a">sa 67000250 //r852</subfield>
  </datafield>
  <datafield tag="025" ind1=" " ind2=" ">
    <subfield code="a">PL480:I-E-6457</subfield>
  </datafield>
  <datafield tag="043" ind1=" " ind2=" ">
    <subfield code="a">a-ii---</subfield>
  </datafield>
  <datafield tag="050" ind1="0" ind2=" ">
    <subfield code="a">DS485.A55</subfield>
    <subfield code="b">V43</subfield>
  </datafield>
  <datafield tag="082" ind1=" " ind2=" ">
    <subfield code="a">954/.84</subfield>
  </datafield>
  <datafield tag="100" ind1="1" ind2="0">
    <subfield code="a">Venkatarangaiya, Mamidipudi,</subfield>
    <subfield code="d">1889-</subfield>
    <subfield code="e">ed.</subfield>
  </datafield>
  <datafield tag="245" ind1="1" ind2="4">
    <subfield code="a">The freedom struggle in Andhra Pradesh (Andhra)</subfield>
    <subfield code="c">Edited by M. Venkatarangaiya.</subfield>
  </datafield>
  <datafield tag="260" ind1="0" ind2=" ">
    <subfield code="a">[Hyderabad]</subfield>
    <subfield code="b">Andhra Pradesh State Committee Appointed for the Compilation of a History of the Freedom Struggle in Andhra Pradesh (Andhra)</subfield>
    <subfield code="c">1965-74.</subfield>
  </datafield>
  <datafield tag="300" ind1=" " ind2=" ">
    <subfield code="a">4 v.</subfield>
    <subfield code="c">25 cm.</subfield>
  </datafield>
  <datafield tag="505" ind1="0" ind2=" ">
    <subfield code="a">v. 1. 1800-1905--v. 2. 1906-1920.--v. 3.--1921-1931 A.D.--v. 4. 1932-1947.</subfield>
  </datafield>
  <datafield tag="651" ind1=" " ind2="0">
    <subfield code="a">Andhra Pradesh (India)</subfield>
    <subfield code="x">Politics and government.</subfield>
  </datafield>
  <datafield tag="710" ind1="1" ind2="0">
    <subfield code="a">Andhra Pradesh (India).</subfield>
    <subfield code="b">State Committee for the Compilation of the History of the Freedom Struggle in Andhra Pradesh.</subfield>
  </datafield>
  <datafield tag="999" ind1=" " ind2=" ">
    <subfield code="c">71852</subfield>
    <subfield code="d">71852</subfield>
  </datafield>
</record>
